|
|
|
|
| LEADER |
00000nam a22000007a 4500 |
| 005 |
20141021195624.0 |
| 007 |
cr|||| |||| |
| 008 |
141021s2014 es |||||s|||| 00||0 spa d |
| 020 |
|
|
|a 978-84-9085-108-1
|
| 035 |
|
|
|a 12469
|
| 040 |
|
|
|a vLex
|
| 090 |
|
|
|c 5246
|d 5246
|
| 100 |
1 |
|
|a Godoy Vz̀quez, M. Olaya
|
| 245 |
1 |
0 |
|a Rǧimen jurd̕ico de la tecnologa̕ reproductiva y la investigacin̤ biomďica con material humano embrionario
|h [Recurso electrn̤ico] /
|c M. Olaya Godoy Vz̀quez
|
| 256 |
|
|
|a Servicio en ln̕ea
|
| 260 |
|
|
|a Madrid:
|b Dykinson,
|c 2014
|
| 300 |
|
|
|a 1 recurso electrn̤ico
|
| 500 |
|
|
|a El objetivo principal de este trabajo es realizar un estudio pormenorizado de la ordenacin̤ jurd̕ica actual que presenta la medicina reproductiva en su conjunto, incluyendo las aplicaciones de las tčnicas de reproduccin̤ asistida en las investigaciones biomďicas con material humano de origen embrionario, con el fi n de efectuar una valoracin̤ crt̕ica de la misma y proponer una modificacin̤ de la normativa vigente, donde se estime necesario, para adaptarla a la realidad cientf̕ica, social y jurd̕ica. La complejidad de conjugar cuestiones tan diversas como la libertad de investigacin̤, la proteccin̤ de la vida humana en desarrollo, y la libertad de conciencia; o el derecho a la maternidad, el derecho a la intimidad, y el derecho a conocer el propio origen biolg̤ico, pone de manifiesto el amplio espectro multidisciplinar que presenta la materia objeto de estudio. Asimismo, el anl̀isis crt̕ico de su regulacin̤ exige el concurso de las distintas ramas del derecho, y la valoracin̤ de aspectos de polt̕ica legislativa y oportunidad social. El mayor obstc̀ulo lo constituye la adopcin̤ de planteamientos apriors̕ticos fc̀ilmente sostenibles desde puntos de vista ideolg̤icos definidos; recurso que, en la medida de lo posible, debe in-tentar evitarse para no desvirtuar la finalidad estrictamente jurd̕ica del estudio.
|
| 506 |
1 |
|
|a Disponible solo en los productos indicados
|d vLex Global
|d vLex Global (Academic Edition, excluding Law Schools)
|d vLex Global (U.S. Academic Edition, Law Schools)
|d vLex Global (U.S. Academic Edition, excluding Law Schools)
|d vLex Global (Academic Edition, Law Schools)
|
| 650 |
0 |
4 |
|a Derecho Civil
|z Espaą
|
| 650 |
0 |
4 |
|a Derecho Constitucional
|z Espaą
|
| 740 |
0 |
|
|a vLex Libros (Servicio en ln̕ea)
|
| 856 |
4 |
0 |
|u http://vlex.com/source/regimen-juridico-de-la-tecnologia-reproductiva-y-la-investigacion-biomedica-con-material-humano-embrionario-12469
|z Acceso restringido
|
| 942 |
|
|
|c BOOK
|
| 999 |
0 |
|
|a Civil Law
|
| 999 |
0 |
|
|a Constitutional Law
|